[Event "Banff op"]
[Site "Banff"]
[Date "2023.11.11"]
[Round "3"]
[White "Montalti, Gianluca"]
[Black "Darvekar, Yash"]
[Result "0-1"]
[WhiteElo "1541"]
[BlackElo "1817"]
[PlyCount "106"]
[EventDate "2023.11.10"]
[EventType "swiss"]
[EventRounds "6"]
[EventCountry "CAN"]
[SourceTitle "CB47_2023"]
[SourceDate "2023.11.22"]
[SourceVersion "1"]
[SourceVersionDate "2023.11.22"]
[SourceQuality "1"]

1. e4 c5 2. Nf3 d6 3. d4 cxd4 4. Nxd4 Nf6 5. Nc3 a6 6. h3 e5 7. Nde2 Be7 8. g4 h6 9. Be3 Be6 10. Bg2 Nbd7 11. a4 Rc8 12. a5 Qc7 13. 0-0 0-0 14. Qd2 Rfd8 15. Ng3 Nc5 16. f4 d5 17. exd5 e4 18. Qf2 Nxd5 19. Nxd5 Bxd5 20. Nf5 Bf6 21. Nd4 Rd7 22. Rfe1 Qd8 23. Qe2 Bc4 24. Qxc4 Nd3 25. Ne6 Rxc4 26. Nxd8 Nxe1 27. Rxe1 Bxd8 28. c3 Bxa5 29. Kf2 b5 30. b4 Bd8 31. Ra1 Rxc3 32. Bxe4 Re7 33. Kf3 Bb6 34. Re1 Bxe3 35. Rxe3 Rxe3+ 36. Kxe3 Rd7 37. Bd3 Kf8 38. Kd2 Ke7 39. Kc3 Kd8 40. Bf5 Rd6 41. Be4 Kc7 42. Bf5 Kb6 43. Bc2 a5 44. bxa5+ Kxa5 45. f5 f6 46. Bb3 Rc6+ 47. Kb2 Kb4 48. h4 Rc3 49. Bd1 Rh3 50. h5 Rh2+ 51. Kc1 Kc3 52. Kb1 Rh1 53. Kc1 Rxd1+ 0-1

[Event "Canadian op"]
[Site "Calgary"]
[Date "2023.07.30"]
[Round "10"]
[White "Zhang, Michelle1111"]
[Black "Darvekar, Yash"]
[Result "1/2-1/2"]
[WhiteElo "1772"]
[BlackElo "1701"]
[PlyCount "66"]
[EventDate "2023.07.22"]
[EventType "swiss"]
[EventRounds "10"]
[EventCountry "CAN"]
[SourceTitle "EXT 2024"]
[Source "ChessBase"]
[SourceDate "2023.10.10"]
[SourceVersion "1"]
[SourceVersionDate "2023.10.10"]
[SourceQuality "1"]

1. e4 c5 2. Nf3 d6 3. d4 cxd4 4. Nxd4 Nf6 5. Nc3 a6 6. Be2 e5 7. Nb3 Be7 8. Be3 Be6 9. 0-0 0-0 10. f4 exf4 11. Bxf4 Nbd7 12. Qe1 Qc7 13. Rd1 Rfd8 14. Nd5 Bxd5 15. exd5 Ne5 16. c3 b5 17. Qg3 Kh8 18. Nd4 g6 19. Qh3 Nfd7 20. Bxe5+ Nxe5 21. Nc6 Rf8 22. Nxe5 dxe5 23. Kh1 f5 24. g4 f4 25. Bd3 Kg7 26. Be4 Rad8 27. Qd3 Qc4 28. Qxc4 bxc4 29. b3 Bd6 30. b4 Rd7 31. a4 Rb8 32. Rb1 Rdb7 33. Rb2 Kf6 1/2-1/2

[Event "Canadian op"]
[Site "Calgary"]
[Date "2023.07.28"]
[Round "8"]
[White "Darvekar, Yash"]
[Black "Sasata, Alexander"]
[Result "1/2-1/2"]
[WhiteElo "1701"]
[BlackElo "1733"]
[PlyCount "84"]
[EventDate "2023.07.22"]
[EventType "swiss"]
[EventRounds "10"]
[EventCountry "CAN"]
[SourceTitle "EXT 2024"]
[Source "ChessBase"]
[SourceDate "2023.10.10"]
[SourceVersion "1"]
[SourceVersionDate "2023.10.10"]
[SourceQuality "1"]

1. e4 e5 2. Nf3 Nc6 3. Bb5 Nf6 4. d3 Bc5 5. Bxc6 dxc6 6. 0-0 Bg4 7. Nbd2 Nd7 8. Re1 Qe7 9. Nf1 0-0-0 10. h3 Be6 11. a3 f6 12. b4 Bd6 13. Qe2 g5 14. N3h2 h5 15. Be3 Nf8 16. Reb1 Ng6 17. f3 Rdg8 18. Kf2 g4 19. fxg4 hxg4 20. Nxg4 f5 21. exf5 Bxf5 22. Ke1 Qh4+ 23. Bf2 Bxg4 24. Qxg4+ Qxg4 25. hxg4 Nf4 26. Ne3 Rf8 27. Bg3 Rhg8 28. Kd2 Nxg2 29. Rf1 Rxf1 30. Rxf1 Nxe3 31. Kxe3 Rxg4 32. Be1 a5 33. bxa5 Bxa3 34. Rf5 Rg2 35. c3 Bc1+ 36. Kf3 Rg1 37. Rxe5 Ba3 38. Bf2 Bd6 39. Re8+ Kd7 40. Rb8 Ra1 41. Rxb7 Rxa5 42. Rb3 Rb5 1/2-1/2

[Event "Banff op"]
[Site "Banff"]
[Date "2022.11.11"]
[Round "2"]
[White "Bai, Jinghui"]
[Black "Darvekar, Yash"]
[Result "1-0"]
[WhiteElo "1843"]
[BlackElo "1733"]
[PlyCount "55"]
[EventDate "2022.11.11"]
[EventType "swiss"]
[EventRounds "6"]
[EventCountry "CAN"]
[SourceTitle "CBM 211 Extra"]
[Source "ChessBase"]
[SourceDate "2023.01.31"]
[SourceVersion "1"]
[SourceVersionDate "2023.01.31"]
[SourceQuality "1"]

1. c4 c6 2. Nc3 d5 3. cxd5 cxd5 4. d4 Nc6 5. Bf4 a6 6. e3 Nf6 7. Bd3 Bg4 8. f3 Bh5 9. Qb3 Na5 10. Qa4+ b5 11. Bxb5+ axb5 12. Nxb5 Nc6 13. Qxa8 Qxa8 14. Nc7+ Kd7 15. Nxa8 e6 16. Nb6+ Ke8 17. Rc1 Nb4 18. Rc8+ Ke7 19. a4 Nd7 20. Rc7 Nd3+ 21. Kd2 Nf2 22. Rxd7+ Ke8 23. a5 Bb4+ 24. Ke2 Nxh1 25. a6 Ba5 26. a7 Bxb6 27. a8Q+ Kxd7 28. Qxh8 1-0